000 01030cam a2200301 a 4500
001 13784
003 BD-RjUL
005 20211208235519.0
008 140202r19991998enkabh b 001 0 eng d
020 _a0748403558 (cased)
020 _a0748403566 (pbk)
035 _a(BD-RjUL)13836
035 _a(OCoLC)39074728
040 _aUk
_cUk
_dNBuU
_dDLC
_dBD-RjUL
_beng
041 _aeng
082 0 0 _a615.902
_221
_bSHP 1999
100 1 _aShaw, Ian C.
_943131
245 1 0 _aPrinciples of environmental toxicology /
_cIan C. Shaw and John Chadwick.
260 _aLondon ;
_aBristol, PA :
_bTaylor & Francis,
_cc1998[Reprinted 1999].
300 _axiii, 216 p. :
_bill., maps, 1 facsim. ;
_c24 cm.
504 _aIncludes bibliographical references and index.
650 0 _aEnvironmental toxicology.
_938997
700 1 _aChadwick, John,
_d1949-
_943132
856 4 2 _3Publisher description
_uhttp://www.loc.gov/catdir/enhancements/fy0745/98179229-d.html
942 _2ddc
_cBK
999 _c13784
_d13784